Southville International School and Colleges
Your cart is empty.
  • Cart
  • Lists
    Public lists Eva Luna New books Lux_list list_1
    Your lists Log in to create your own lists
  • Log in to your account
  • Your cookies
  • Search history
Southville International School and Colleges
  • Advanced search
  • Recent comments
  • Most popular
  • Libraries

Log in to your account

Log in with GOOGLE


If you do not have an external account, but do have a local account, you can still log in:

  1. Home
  2. MARC view: Caring /
Normal view MARC view ISBD view

Caring / (Record no. 11798)

[ view plain ]
MARC details
000 -LEADER
fixed length control field 00658nam a22002177a 4500
003 - CONTROL NUMBER IDENTIFIER
control field OSt
005 - DATE AND TIME OF LATEST TRANSACTION
control field 20140310182320.0
008 - FIXED-LENGTH DATA ELEMENTS--GENERAL INFORMATION
fixed length control field 130313t xxu||||| |||| 00| 0 eng d
020 ## - INTERNATIONAL STANDARD BOOK NUMBER
International Standard Book Number 0865923817
050 ## - LIBRARY OF CONGRESS CALL NUMBER
Classification number BJ 1475
Item number .G65 1987
082 ## - DEWEY DECIMAL CLASSIFICATION NUMBER
Classification number GS 179.9
Item number G58 1987
100 ## - MAIN ENTRY--PERSONAL NAME
Personal name Goley, Elaine P.
9 (RLIN) 21119
245 ## - TITLE STATEMENT
Title Caring /
Statement of responsibility, etc Elaine P. Goley ; illustrated by Debbie Crocker.
260 ## - PUBLICATION, DISTRIBUTION, ETC. (IMPRINT)
Place of publication, distribution, etc Vero Beach, FL :
Name of publisher, distributor, etc Rourke Enterprises,
Date of publication, distribution, etc 1987.
300 ## - PHYSICAL DESCRIPTION
Extent 32 p. :
Other physical details col. ill. ;
Dimensions 27 cm.
440 ## - SERIES STATEMENT/ADDED ENTRY--TITLE
Title Learn the value of
9 (RLIN) 21111
650 ## - SUBJECT ADDED ENTRY--TOPICAL TERM
Topical term or geographic name as entry element Caring
General subdivision Juvenile literature.
9 (RLIN) 21120
650 ## - SUBJECT ADDED ENTRY--TOPICAL TERM
Topical term or geographic name as entry element Conduct of life.
9 (RLIN) 1175
942 ## - ADDED ENTRY ELEMENTS (KOHA)
Source of classification or shelving scheme Library of Congress Classification
Koha item type
Holdings
Withdrawn status Lost status Source of classification or shelving scheme Damaged status Home library Current library Shelving location Date acquired Total Checkouts Full call number Barcode Date last seen Copy number Price effective from Koha item type
    Library of Congress Classification   Luxembourg Library Luxembourg Library Grade School Section 09/20/2013   BJ 1475 .G65 1987 6260 10/28/2015 1 09/20/2013 Books

Caring /

APA

Goley E. P., . (1987). Caring. Vero Beach, FL: Rourke Enterprises.

Chicago

Goley Elaine P, . 1987. Caring. Vero Beach, FL: Rourke Enterprises.

Harvard

Goley E. P., . (1987). Caring. Vero Beach, FL: Rourke Enterprises.

MLA

Goley Elaine P, . Caring. Vero Beach, FL: Rourke Enterprises. 1987.

  • Place hold
  • Print
  • Cite
  • Add to your cart (remove)
  • Save record
    BIBTEX Dublin Core MARCXML MARC (non-Unicode/MARC-8) MARC (Unicode/UTF-8) MARC (Unicode/UTF-8, Standard) MODS (XML) RIS
  • More searches
    Search for this title in:
    Other Libraries (WorldCat) Other Databases (Google Scholar) Online Stores (Bookfinder.com) Open Library (openlibrary.org)

Exporting to Dublin Core...

SOUTHVILLE LIBRARY

Southville International School and Colleges Library

1281 Tropical Ave. Cor. Luxembourg St., BF Homes International, Las Pinas City

Tel. No. 8256374 / 252358 Loc. 117/146

Powered by Koha